Emojis nach Buchstabe - O - Statistiken

Allgemein
  • Dieses Quiz wurde 50 mal gespielt
  • Das Durchschnittsergebnis liegt bei 12 aus 19
Antwortstatistiken
Emoji beginnend mit O Lösung % Korrekt
👂 Ohr
97%
🍊 Orange
95%
🦧 Orang-Utan
92%
👌 OK
89%
🐂 Ochse
87%
📁 Ordner
87%
🇦🇹 Österreich
84%
🦦 Otter
84%
🐙 Oktopus
82%
🇴🇲 Oman
79%
🔝 Oben
76%
🚎 Omnibus
71%
🫒 Oliven
66%
🛢 Ölfass
61%
🪔 Öllampe
26%
☦️ Orthodox
11%
😮 Offen
5%
🍢 Oden
3%
🔘 Optionsfeld
3%
Keine übereinstimmenden Quizze gefunden
Verteilung der Resultate
Anzahl Personen mit jedem Resultat
Perzentil nach korrekt beantworteten Fragen
Ihre Resultats-Entwicklung
Sie haben dieses Quiz noch nicht gespielt